000 00463nam a2200193Ia 4500
005 20240823012451.0
008 240823s9999||||xx |||||||||||||| ||und||
020 _a81-8741-81-4
041 _aENGLISH
082 _A491.232 P0
100 _aApte V S
245 4 _aThe Student s Sanskrit-English Dictionary
250 _a1st
260 _c2000
_bNew Bharatiya Bo
_aDelhi
500 _aYES
650 _aDictionary
_bEnglish
942 _cBK
999 _c164483
_d164483